Ley de creación y organización de la Bolsa de Negociación Pública y Colegio de Agentes de Cambios de Madrid, decretada en 10 de octubre de 1831. (Record no. 184775)
[ view plain ]
| 000 -LEADER | |
|---|---|
| campo de control de longitud fija | 00900nam a2200193 i 4500 |
| 001 - NÚMERO DE CONTROL | |
| campo de control | 184775 |
| 003 - IDENTIFICADOR DE NÚMERO DE CONTROL | |
| campo de control | ES-MaACL |
| 005 - FECHA Y HORA DE LA ÚLTIMA TRANSACCIÓN | |
| campo de control | 20250901093442.0 |
| 008 - DATOS DE LONGITUD FIJA--INFORMACIÓN GENERAL | |
| campo de control de longitud fija | 151211s1831 sp |||| | spa d |
| 080 ## - NÚMERO DE LA CLASIFICACIÓN DECIMAL UNIVERSAL | |
| Número de la Clasificación Decimal Universal | 336.764(460) |
| 110 1# - ENTRADA PRINCIPAL--NOMBRE DE ENTIDAD CORPORATIVA | |
| Nombre de entidad corporativa o nombre de jurisdicción como elemento de entrada | España. |
| Título de la obra | Ley de creación y organización de la Bolsa de Negociación Pública y Colegio de Agentes de Cambios de Madrid, 1831. |
| 9 (RLIN) | 158347 |
| 245 10 - MENCIÓN DEL TÍTULO | |
| Título | Ley de creación y organización de la Bolsa de Negociación Pública y Colegio de Agentes de Cambios de Madrid, decretada en 10 de octubre de 1831. |
| 260 ## - PUBLICACIÓN, DISTRIBUCIÓN, ETC. | |
| Lugar de publicación, distribución, etc. | Madrid : |
| Nombre del editor, distribuidor, etc. | [s.n.], |
| Fecha de publicación, distribución, etc. | 1831 ( |
| Fabricante | Oficina de León Amarita) |
| 300 ## - DESCRIPCIÓN FÍSICA | |
| Extensión | 70 ; |
| Dimensiones | 22 cm. |
| 594 ## - Nota al título y mención de responsabilidad | |
| Nota al título y mención de responsabilidad | En antep.: "Apéndice al Código de comercio" |
| 610 27 - PUNTO DE ACCESO ADICIONAL DE MATERIA--NOMBRE DE ENTIDAD CORPORATIVA | |
| Nombre de entidad corporativa o nombre de jurisdicción como elemento de entrada | Bolsa Oficial de Comercio de Madrid |
| Fuente del encabezamiento o término | |
| 9 (RLIN) | 147501 |
| 852 4# - LOCALIZACIÓN | |
| Ubicación | ES-MaACL |
| Número de control de estantería | T-139-F-11 |
| Nota libre | - Enc. en un vol. facticio, falto de cub. original |
| -- | - Donat. Gallardo |
| Estatus retirado | Estado de pérdida | Estado de daño | No para préstamo | Colección | Biblioteca de origen | Biblioteca actual | Ubicación en estantería | Fecha de adquisición | Fuente de adquisición | Total de préstamos | Signatura topográfica completa | Código de barras | Visto por última vez | Precio de reemplazo | Tipo de ítem Koha |
|---|---|---|---|---|---|---|---|---|---|---|---|---|---|---|---|
| Colección de folletos | Biblioteca del Ateneo de Madrid | Biblioteca del Ateneo de Madrid | Depósito folletos | 11/12/2015 | T-139-F-11 | 1194569 | 23/02/2023 | 23/02/2023 | Folleto |
